• 首页
  • 本馆介绍
  • 公告通知
  • 最新文献
  • 馆藏检索
  • 电子资源
  • 读者导购
  • 参考咨询
  • 我的图书馆
  • 登录
  • 详细信息显示
  • 放入我的书架
  • 预约/预借图书
  • 作者相关作品
  • 分类相关作品
  • 丛书相关作品
  • 出版社相关作品

书目信息

  • 表格格式
  • 工作单格式
  • 卡片格式
题名:
地质制图学
    
 
作者: РОДОВ 著 ;马万钧 译
分册:  
出版信息: 上海   商务印书馆  
页数: 393页
开本: 26cm
丛书名:
单 册:
中图分类: P285.1
科图分类:
主题词: 地质图-地图制图学 , 地图制图学-地质图
电子资源:
ISBN:
000 00727nam0 2200265 45
001 0194028681
005 20060817153705.87
010    @dCNY2.60
100    @a19940717d em y0chiy0121 ea
101 0  @achi
102    @aCN
102    @aCN@b310000
102    @aCN@b110000
105    @ay z 000yy
200 10 @a地质制图学@ADI ZHI ZHI TU XUE@fB·A·РОДОВ著@FB·A·РОДОВzhu@g马万钧等译@Gma wan jun deng yi
210    @a上海@c商务印书馆
215    @a393页@d26cm
540 1  @a制图@AZHI TU
606    @a地质图-地图制图学
606    @a地图制图学-地质图
690    @aP285.1@v4
701  0 @aРОДОВ@4著
702  0 @a马万钧@Ama wan jun@4译
801  0 @aCN@bTSSF@c20060817
905    @a10447@dP285.1@e125
    
    地质制图学/B·A·РОДОВ著/马万钧等译.-上海:商务印书馆
    393页;26cm
    
    
    ISBN :CNY2.60
    
●
相关链接 在E读中查询图书 在五车中查询图书 在当当中查询图书 在豆瓣中查询图书


正题名:地质制图学     索取号:P285.1/125         预约/预借

序号 登录号 条形码 馆藏地/架位号 状态 备注
1 0458786   204587866   密集书库/ [索取号:P285.1/125] 在馆    
唐山师范学院图书馆 欢迎您!
大连网信软件有限公司© 版权所有